000 01343cam a2200277 4500
008 090401t xxu||||| |||| 00| 0 eng d
020 _a0419226907
035 _a(Sirsi) u82094
041 _aeng
050 _a691
_c18
100 _aWoolley, Tom
245 _aGreen building handbook
_ba guide to building products and their impact on the environment.
260 _aGreen building handbook
_ba guide to building products and their impact on the environment.
300 _avii, 216p.
_c30cm.
350 _a29.95
520 _aPractical new handbook considers the environmental issues which relate to the production, use and disposal of key building products and materials. Designed to help specifiers and purchasers gain awareness of the potential environmental impact of their decisions. Chapters look at different sectors of the trade from flooring to roofing, comparing the environmental effects of commonly available products with less well known green alternatives. A best buy section ranks these products from lowest to highest impact.
650 _aBUILT ENVIRONMENT-BUILDING MATERIALS
650 _aENVIRONMENTAL IMPACT
650 _aGREEN BUILDING
690 _aBUILT ENVIRONMENT-BUILDING MATERIALS
700 _aKimmins, Sam
700 _aKimmins, Sam
700 _aKimmins, Sam
942 _n0
948 _c14/11/1997
999 _c96765
_d96765